Catl̀ogo de Ocupaciones de Difc̕il Cobertura (SEPE)

Detalles Bibliográficos
Formato: eBook
Lenguaje:español
Publicado: Editorial vLex, 2013- [s.l.] :
Materias:
Acceso en línea:Acceso restringido

MARC

LEADER 00000nam a22000007a 4500
005 20131128151431.0
007 cr|||| ||||
008 131128c20139999sp |||| s|||| 0|||a1spa d
035 |a 11676 
040 |a vLex 
090 |c 4601  |d 4601 
245 0 0 |a Catl̀ogo de Ocupaciones de Difc̕il Cobertura (SEPE)  |h [Recurso electrn̤ico] 
256 |a Servicio en ln̕ea 
260 |c [s.l.] :  |a Editorial vLex,  |b 2013- 
300 |a 1 recurso electrn̤ico 
310 |a Semestral 
362 |a Nm︢.1 (2013) - 
506 1 |a Contenido disponible solo en los productos indicados  |d vLex Global  |d vLex Global (Academic Edition, excluding Law Schools)  |d vLex Global (U.S. Academic Edition, Law Schools)  |d vLex Global (U.S. Academic Edition, excluding Law Schools)  |d vLex Global (Academic Edition, Law Schools) 
650 0 4 |a Ocupaciones de difc̕il cobertura 
740 0 |a vLex Revistas (Servicio en ln̕ea) 
856 4 0 |u http://vlex.com/source/11676  |z Acceso restringido 
942 |c REV 
999 0 |a Professions